000
00267nam a2200109Ia 4500
008
230320s9999||||xx |||||||||||||| ||spa||
082
_a
268/G25
100
_a
García Ahumada, Enrique
245
0
_a
Teología De La Educación
260
_b
Tiberíades
942
_8
0
_c
LIB
999
_c
44181
_d
44181